| 000 | 00972nam a22002651i 4500 | ||
|---|---|---|---|
| 003 | SA-RiAUC | ||
| 005 | 20250524062609.0 | ||
| 008 | 250511s2010____su g 000rp ara c | ||
| 020 | _a9786039001836 | ||
| 040 |
_aSA-JeALM _bara _cSA-RiAUC _erda |
||
| 082 | 0 | 4 | _a811.9531 |
| 090 |
_a811.9531 _bخ ا ل |
||
| 100 | 1 |
_aالخالدي، ملاك _eمؤلف. |
|
| 245 | 1 | 0 |
_aغواية بيضاء : _bديوان شعر / _cملاك الخالدي. |
| 250 | _aالطبعة الأولى. | ||
| 264 | 1 |
_aالجوف، السعودية : _bالنادي الأدبي، _c2010 |
|
| 300 |
_a86 صفحة ؛ _c18 سم |
||
| 336 |
_aنص _btxt _2rdacontent _3كتاب |
||
| 337 |
_aبدون وسيط _bn _2rdamedia |
||
| 338 |
_aمجلد _bnc _2rdacarrier |
||
| 500 | _aإهداء من المؤلف ملاك الخالدي. | ||
| 650 | 7 |
_aالشعر العربي _zالسعودية _yقرن 14 هجري. _2aucsh |
|
| 942 |
_2ddc _cBOOK _n0 |
||
| 949 |
_aSA-JeALM _d250511 _umohamedma123 _n1 |
||
| 999 |
_c8333 _d8333 |
||